000 01537nam2a22002291 4500
001 v19\rc\2018449
005 20250620003737.0
035 _a(NLR Aleph) 005099156
090 _a7374366
_c7374366
100 _a20080925d1903 |||y0rusy50 ca
101 0 _arus
102 _aRU
105 _ay z |||||
200 0 _a[1]
210 _d1903
_aБ. м.
215 _a[2], 66, 96 с.
461 0 _1001v19\rc\2018448
_12001#$aДоклад XXXVIII очередному Губернскому земскому собранию Комиссии по вопросу о земском избирательном цензе и желательных изменениях действующего земского положения$e[1]-2$fСаратовск. губ. земство$v[1]
_97374363
_aСаратовская губ. комиссия по вопросу о земском избирательном цензе и желательных изменениях действующего земского положения
_cСаратов
_d1903-1904
_fСаратовск. губ. земство
_o[1]-2
_p2 т.
_tДоклад XXXVIII очередному Губернскому земскому собранию Комиссии по вопросу о земском избирательном цензе и желательных изменениях действующего земского положения
_v[1]
801 0 _aRU
_bNLR
_gpsbo
801 1 _aRU
_bProSoft-M
_2rusmarc
852 _aNLR
_bЗем
_j36/Д32
942 _cBOOK
980 _aNB